100 Biggest Cities of the Northwestern U.S. in 1900 - Statistics

General Stats
  • This quiz has been taken 169 times
  • The average score is 29 of 100
Answers on the Map
Answers color-coded by a green-red scale on the quiz's map according to % correct below.
 
Answer Stats
Population State Cities % Correct
80,671 WA Seattle
97%
90,426 OR Portland
96%
5,957 ID Boise
91%
14,087 WY Cheyenne
90%
36,848 WA Spokane
89%
10,770 MT Helena
86%
4,082 WA Olympia
81%
4,258 OR Salem
81%
4,006 WA Vancouver
80%
3,221 MT Billings
78%
3,236 OR Eugene
78%
37,714 WA Tacoma
76%
4,366 MT Missoula
68%
1,262 ID Idaho Falls
65%
3,419 MT Bozeman
64%
30,470 MT Butte
62%
3,154 WA North Yakima
62%
14,930 MT Great Falls
59%
8,207 WY Laramie
56%
4,046 ID Pocatello
55%
7,838 WA Everett
54%
10,049 WA Walla Walla
53%
8,381 OR Astoria
52%
6,834 WA New Whatcom
52%
1,791 OR Medford
45%
1,819 OR Corvallis
43%
2,484 ID Moscow
37%
2,321 WA Port Angeles
35%
2,526 MT Kalispell
33%
3,494 OR Oregon City
32%
4,363 WY Rock Springs
32%
2,425 ID Lewiston
31%
3,149 OR Albany
30%
1,391 OR Marshfield
30%
3,747 WA Aberdeen
29%
1,308 WA Pullman
29%
2,290 OR Grants Pass
26%
4,406 OR Pendleton
26%
1,559 WY Sheridan
26%
3,542 OR The Dalles
26%
980 OR Hillsboro
25%
997 ID Caldwell
24%
1,361 WY Green River
24%
1,081 ID Rexburg
24%
9,453 MT Anaconda
22%
1,033 MT Havre
22%
6,663 OR Baker City
20%
2,110 WY Evanston
20%
2,634 OR Ashland
19%
1,938 MT Miles City
19%
1,476 WA Anacortes
18%
1,120 WA Mount Vernon
18%
1,884 WA Puyallup
18%
2,317 WY Rawlins
18%
3,443 WA Port Townsend
16%
1,690 OR Roseburg
16%
1,592 WA Blaine
15%
1,737 WA Ellensburg
15%
2,991 OR La Grande
15%
1,420 OR McMinnville
15%
976 ID Silver City
15%
1,600 WA Centralia
14%
1,775 WA Chehalis
14%
1,330 ID Blackfoot
13%
1,257 MT Hamilton
13%
2,101 WA Snohomish
13%
1,271 OR Dallas
12%
2,608 WA Hoquiam
12%
2,265 ID Wallace
12%
1,004 WA Cosmopolis
10%
1,324 MT Deer Lodge
10%
1,074 ID Preston
10%
2,050 WA Republic
10%
4,568 WA Ballard
9%
2,121 WA Colfax
9%
1,096 OR Forest Grove
9%
2,778 MT Livingston
9%
1,217 ID Mullan
9%
2,786 WA Roslyn
9%
1,014 WA Buckley
8%
2,216 WA Dayton
8%
1,000 WA Davenport
7%
1,530 MT Dillon
7%
1,194 WA Montesano
7%
2,152 MT Red Lodge
7%
2,278 ID Wardner
7%
1,364 ID Weiser
7%
4,228 WA Fairhaven
5%
1,132 ID Grangeville
5%
1,240 ID Hailey
5%
1,146 OR Heppner
5%
1,096 MT Lewistown
5%
1,050 ID Malad City
5%
1,444 ID Montpelier
5%
1,011 WA Waitsburg
5%
2,621 MT Walkerville
5%
1,024 MT Fort Benton
4%
1,077 ID Gem
4%
1,015 WA Steilacoom
4%
1,081 ID Burke
3%
No matching quizzes found
Score Distribution
Percent of People with Each Score
Percentile by Number Answered
Your Score History
You have not taken this quiz